| 000 | 00692 a2200241 4500 | ||
|---|---|---|---|
| 001 | 25019 | ||
| 999 |
_c25019 _d23464 |
||
| 003 | TR-AnTOB | ||
| 005 | 20210713090816.0 | ||
| 008 | 060201s2005 tu 00000 eng | ||
| 020 | _a9758895761 | ||
| 035 | _a25019 | ||
| 041 | _aeng | ||
| 050 |
_aHF5415.13.T9 _bT48 2005 |
||
| 090 | _aHF5415.13.T9 T48 2005 | ||
| 100 |
_aThompson, Donald N. _920134 |
||
| 245 | 0 |
_aMarketing management in Turkey : _bcases and challenges / _cDonald N.Thompson. |
|
| 264 | 1 |
_aAnkara : _bGazi Kitabevi, _c[2005]. |
|
| 300 | _a306 s. | ||
| 650 | 0 |
_aMarketing _xManagement _vCase studies _93481 |
|
| 650 | 7 |
_aPazarlama _xYönetim _vVaka çalışmaları _2etuturkob _930609 |
|
| 902 | _a0014236 | ||
| 942 | _cBK | ||